000 00531cam a2200181 i 4500
005 20251210095756.0
008 250721s1993 ua gr 000 0 ara d
082 1 4 _a216,23
_bص لا
100 1 _aعزام، صلاح
_eمؤلف.
245 1 0 _aرفيق الصائم /
_cصلاح عزام.
264 3 1 _aالقاهرة :
_bمؤسسة دار التعاون،
_c1993.
300 _a88صفحه.
650 1 7 _aالصوم.
650 1 7 _aالإسلام.
650 1 7 _aالعبادة.
942 _2ddc
_cBK
999 _c410
_d410